Conceptual science and beyond 9 / (Record no. 9840)

MARC details
000 -LEADER
fixed length control field 00676nam a22002057a 4500
003 - CONTROL NUMBER IDENTIFIER
control field OSt
005 - DATE AND TIME OF LATEST TRANSACTION
control field 20260424033751.0
008 - FIXED-LENGTH DATA ELEMENTS--GENERAL INFORMATION
fixed length control field 260424b |||||||| |||| 00| 0 eng d
020 ## - INTERNATIONAL STANDARD BOOK NUMBER
International Standard Book Number 9789710581948
040 ## - CATALOGING SOURCE
Original cataloging agency DWCL Main Lib.
Transcribing agency OC
082 ## - DEWEY DECIMAL CLASSIFICATION NUMBER
Classification number Fil. 500 C744 2014
100 ## - MAIN ENTRY--PERSONAL NAME
Personal name Abecilla, Nesjohn L.
245 ## - TITLE STATEMENT
Title Conceptual science and beyond 9 /
Statement of responsibility, etc. Nesjohn L. Abecilla [and five others]
250 ## - EDITION STATEMENT
Edition statement K to 12 edition.
260 ## - PUBLICATION, DISTRIBUTION, ETC.
Place of publication, distribution, etc. Quezon City, Philippines :
Name of publisher, distributor, etc. Brilliant Creations Publishing,
Date of publication, distribution, etc. c2014.
300 ## - PHYSICAL DESCRIPTION
Extent x, 208 pages :
Other physical details color illustrations ;
Dimensions 26 cm.
504 ## - BIBLIOGRAPHY, ETC. NOTE
Bibliography, etc. note Includes bibliographical references.
650 ## - SUBJECT ADDED ENTRY--TOPICAL TERM
Topical term or geographic name entry element 1. Science.
942 ## - ADDED ENTRY ELEMENTS (KOHA)
Source of classification or shelving scheme Dewey Decimal Classification
Koha item type Book-Filipiniana
Suppress in OPAC No
952 ## - LOCATION AND ITEM INFORMATION (KOHA)
--
Holdings
Withdrawn status Lost status Source of classification or shelving scheme Damaged status Not for loan Home library Current library Shelving location Date acquired Source of acquisition Total Checkouts Full call number Barcode Date last seen Copy number Price effective from Koha item type Uniform Resource Identifier
    Dewey Decimal Classification     Junior High School Library Junior High School Library Filipiniana 07/01/2016 Evaluation copy   Fil. 500 C744 2014 JHS - 18048 04/24/2026 c1 04/24/2026 BK - FIL